Đang tải...
Halsbury's Laws of England : Vol.36 - Education Vol.36 - Education
| Tác giả chính: | |
|---|---|
| Ngôn ngữ: | English |
| Được phát hành: |
Edinburgh
Lexis Nexis
2015
|
| Phiên bản: | Ed.5 |
| LEADER | 00521nam a22001577a 4500 | ||
|---|---|---|---|
| 008 | 160220b xxu||||| |||| 00| 0 eng d | ||
| 020 | |a 9781405798525 | ||
| 100 | |a Mackay of Clashfern | ||
| 245 | |a Halsbury's Laws of England : Vol.36 - Education |b Vol.36 - Education | ||
| 250 | |a Ed.5 | ||
| 260 | |a Edinburgh |b Lexis Nexis |c 2015 | ||
| 300 | |a 796p. | ||
| 500 | |a Include Index | ||
| 942 | |2 ddc |c SERIALS | ||
| 999 | |c 8848 |d 8848 | ||
| 952 | |0 0 |1 0 |2 ddc |4 0 |7 1 |8 REF |9 12263 |a NUALS |b NUALS |c REF |d 2016-02-20 |l 0 |p 11954 |r 2016-02-26 |w 2016-02-20 |y SERIALS | ||